000 00680nam a2200241Ia 4500
003 OSt
005 20220926022946.0
006 a|||||r|||| 00| 0
007 ta
008 220923b |||||||| |||| 00| 0 eng d
037 _cGeneral Book
040 _aRTL
_cRTL
_beng
041 _2eng
_aeng
082 _aU253, M2
100 _aScrutton R A Ed.
_9328492
245 0 _aOcean floor
_b Bruce heezen commemorative volume
260 _aNew York
_bWiely U S A
_c1982
300 _aix,318p.
_ccm.
650 _aOceanography
700 _a Talwani M Ed.
_9328493
942 _hU253, M2
_cGB
_2CC
999 _c640662
_d640662